000 00280nam a22000977a 4500
008 231013b |||||||| |||| 00| 0 eng d
020 _a9789353451370
100 _aDua Satish Gen LT
_97717
245 _aUntold Stories From the Indian Army
260 _aNew Delhi
_bJuggernaut Books
_c2020
999 _c12450
_d12450